[Event "Championnat de France - Accession"]
[Site "Nimes"]
[Date "2009.08.18"]
[Round "7.22"]
[White "Kassis, Antoine"]
[Black "Frederic, Clement"]
[Result "1/2-1/2"]
[WhiteElo "2183"]
[BlackElo "2235"]
[Annotator "Rivier,Sylvain"]
[PlyCount "82"]
[EventDate "2009.??.??"]

1. d4 e6 2. c4 f5 3. Nc3 Nf6 4. e3 Bb4 5. Bd3 b6 6. Nge2 Bb7 7. O-O O-O 8. f3
Nc6 9. a3 Bxc3 10. Nxc3 a5 11. Rb1 Qe7 12. Nb5 d6 13. Bd2 Ba6 14. Rc1 Nb8 15.
Qc2 c6 16. Nc3 Nbd7 17. b4 axb4 18. axb4 Rfc8 19. Ra1 e5 20. b5 Bb7 21. Qb3 Kh8
22. Na4 Qf7 23. Ra2 Re8 24. Rfa1 Qg6 25. Qd1 Qf7 26. Nc3 Qf8 27. Ra7 Reb8 {.}
28. R1a2 Qc8 29. Qa1 Kg8 30. Be1 g6 31. Ne2 Rxa7 32. Rxa7 Ra8 33. Rxa8 Qxa8 34.
Qxa8+ Bxa8 35. Nc3 Kf7 36. Na4 d5 37. Bc3 Ke6 38. Kf2 Bb7 39. Bb2 Ke7 40. Bc3
Ke6 41. Bb2 Ke7 1/2-1/2

[Event "Championnat de France - Accession"]
[Site "Nimes"]
[Date "2009.08.18"]
[Round "7.23"]
[White "Di Nicolantonio, Lucas"]
[Black "Manoeuvre, Antoine"]
[Result "0-1"]
[WhiteElo "2100"]
[BlackElo "2232"]
[PlyCount "52"]
[EventDate "2009.??.??"]

1. e4 e6 2. d4 d5 3. e5 c5 4. c3 Nc6 5. Nf3 Qb6 6. a3 Nh6 7. b4 cxd4 8. cxd4
Nf5 9. Bb2 Be7 10. Bd3 a5 11. Qa4 O-O 12. b5 Bd7 13. O-O Rfc8 14. Bxf5 exf5 15.
Nc3 Na7 16. Nxd5 Qd8 17. Nxe7+ Qxe7 18. Qxa5 Nxb5 19. Qd2 Bc6 20. d5 Rd8 21. d6
Qe6 22. Qe3 Ra4 23. Nd4 Nxd4 24. Bxd4 Qd5 25. Qg5 Rda8 26. e6 Rxd4 0-1

[Event "Championnat de France - Accession"]
[Site "Nimes"]
[Date "2009.08.18"]
[Round "7.24"]
[White "Favarel, Antoine"]
[Black "Daurelle, Herve"]
[Result "1-0"]
[WhiteElo "2213"]
[BlackElo "2292"]
[PlyCount "119"]
[EventDate "2009.??.??"]

1. e4 e5 2. Nf3 Nc6 3. Bb5 a6 4. Bxc6 dxc6 5. O-O f6 6. d4 exd4 7. Nxd4 c5 8.
Ne2 Qxd1 9. Rxd1 Bd7 10. Bf4 O-O-O 11. c4 g5 12. Be3 Bd6 13. Nbc3 Ne7 14. Rd2
b6 15. Rad1 Bc6 16. f4 h6 17. g3 Rde8 18. Rd3 Kb7 19. b3 Rh7 20. f5 Ng8 21. Nd5
Rxe4 22. Nec3 Re8 23. Bf2 Be5 24. a4 Ne7 25. g4 h5 26. Rh3 Nxd5 27. cxd5 Bd7
28. a5 Bxc3 29. Rxc3 hxg4 30. d6 Bxf5 31. dxc7 Rxc7 32. axb6 Kxb6 33. Rd6+ Rc6
34. Rxc6+ Kxc6 35. Rxc5+ Kd7 36. Rxf5 Re6 37. Kg2 Rd6 38. Kg3 Ke6 39. Kxg4 Rd3
40. Rf3 f5+ 41. Rxf5 Rxb3 42. Ra5 Kf7 43. Kxg5 Rb2 44. Rf5+ Kg8 45. h4 Rb7 46.
h5 Kh7 47. Bd4 Rd7 48. Be3 Rg7+ 49. Kh4 Re7 50. Bg5 Re1 51. Rf7+ Kg8 52. Ra7
Re4+ 53. Kg3 Re6 54. Kg4 Rb6 55. Kf5 Rc6 56. h6 Rb6 57. h7+ Kh8 58. Bf6+ Rxf6+
59. Kxf6 a5 60. Kg6 1-0

[Event "Championnat de France - Accession"]
[Site "Nimes"]
[Date "2009.08.18"]
[Round "7.25"]
[White "Strugnell, Carl"]
[Black "Poignot, Quentin"]
[Result "1-0"]
[WhiteElo "2280"]
[BlackElo "2183"]
[PlyCount "97"]
[EventDate "2009.??.??"]

1. e4 c5 2. Nc3 d6 3. Nge2 g6 4. d4 cxd4 5. Nxd4 Nf6 6. Be3 Bg7 7. f3 O-O 8.
Qd2 Nc6 9. O-O-O d5 10. exd5 Nxd5 11. Nxc6 bxc6 12. Nxd5 cxd5 13. Qxd5 Qc7 14.
Qc5 Qb8 15. c3 Be6 16. Qa5 Qb7 17. Bd3 Rab8 18. Rd2 Rfc8 19. Kd1 Rd8 20. Ke2
Rd7 21. Rhd1 Rbd8 22. b3 Qb8 23. g3 h5 24. Be4 Rxd2+ 25. Rxd2 Rxd2+ 26. Bxd2 f5
27. Bd3 Qb7 28. Qa6 Qd7 29. Bb5 Qd5 30. Be3 Qe5 31. f4 Qe4 32. Qxe6+ Qxe6 33.
Bc4 Qxc4+ 34. bxc4 a6 35. Bd4 Bf8 36. c5 Kf7 37. c6 Ke8 38. Kd3 Kd8 39. Bb6+
Kc8 40. Kc4 e6 41. Ba5 Bd6 42. Kd4 Kb8 43. c4 Kc8 44. c5 Be7 45. Ke5 Bxc5 46.
Be1 Bg1 47. h4 Kc7 48. Kxe6 Kxc6 49. Kf6 1-0

[Event "Championnat de France - Accession"]
[Site "Nimes"]
[Date "2009.08.18"]
[Round "7.26"]
[White "Prodhomme, Boris"]
[Black "Carpentier, Pierre"]
[Result "1-0"]
[WhiteElo "2183"]
[BlackElo "2247"]
[PlyCount "89"]
[EventDate "2009.??.??"]

1. d4 Nf6 2. c4 g6 3. Nc3 Bg7 4. e4 d6 5. Nf3 O-O 6. Be2 e5 7. O-O exd4 8. Nxd4
Re8 9. f3 Nc6 10. Be3 Nh5 11. Qd2 f5 12. Nxc6 bxc6 13. Bh6 f4 14. Bxg7 Kxg7 15.
c5 dxc5 16. Qxd8 Rxd8 17. Rfd1 Be6 18. b3 Nf6 19. Na4 Nd7 20. Rac1 c4 21. Bxc4
Bxc4 22. Rxc4 Ne5 23. Rcd4 Re8 24. Nc5 g5 25. Kf2 h5 26. Nd3 Rad8 27. Nxe5 Rxd4
28. Rxd4 Rxe5 29. Ke2 Ra5 30. a4 Kf6 31. Rc4 c5 32. Kd3 Ke6 33. Rc2 g4 34. Kc4
g3 35. hxg3 fxg3 36. Rc1 Ke5 37. Rh1 Kf4 38. Rxh5 Ke3 39. e5 Ra6 40. Kd5 Kf2
41. e6 Rd6+ 42. Ke5 Rd1 43. e7 Kxg2 44. Kf6 Re1 45. Re5 1-0

[Event "Championnat de France - Accession"]
[Site "Nimes"]
[Date "2009.08.18"]
[Round "7.27"]
[White "Maleki, Nicolas"]
[Black "Maatoug, Redwan"]
[Result "1/2-1/2"]
[WhiteElo "2165"]
[BlackElo "2245"]
[PlyCount "117"]
[EventDate "2009.??.??"]

1. d4 Nf6 2. c4 g6 3. Nc3 Bg7 4. Nf3 O-O 5. e4 d6 6. Be2 e5 7. Be3 Nbd7 8. O-O
Re8 9. d5 h6 10. Ne1 Nc5 11. f3 a5 12. a3 Nh5 13. Rb1 b6 14. b4 axb4 15. axb4
Nd7 16. g3 f5 17. Bf2 Ndf6 18. Ng2 fxe4 19. fxe4 Ra3 20. Qc1 Rxc3 21. Qxc3 Nxe4
22. Qe3 Nhf6 23. Be1 Ng5 24. h4 Nf7 25. Ra1 Bh3 26. g4 Bxg2 27. Kxg2 e4 28. Bc3
Ne5 29. Kh3 Qd7 30. Bxe5 Rxe5 31. Ra8+ Kh7 32. Kg3 h5 33. Rf4 hxg4 34. Bxg4
Nxg4 35. Rxg4 Bh6 36. Rh8+ Kxh8 37. Qxh6+ Qh7 38. Qf8+ Qg8 39. Qh6+ Qh7 40.
Qf8+ Qg8 41. Qxg8+ Kxg8 42. Rxg6+ Kf7 43. Re6 Rh5 44. Rxe4 b5 45. Kg4 Rh8 46.
Kg5 Rg8+ 47. Kf5 Rg1 48. h5 Rd1 49. Kg5 bxc4 50. Rxc4 Rxd5+ 51. Kh6 Rb5 52.
Rxc7+ Ke6 53. Rc4 d5 54. Rh4 Kf5 55. Kg7 Rb7+ 56. Kf8 Kg5 57. Rd4 Kxh5 58.
Rxd5+ Kg4 59. b5 1/2-1/2

[Event "Championnat de France - Accession"]
[Site "Nimes"]
[Date "2009.08.18"]
[Round "7.28"]
[White "Ouakhir, Mehdi"]
[Black "Lewis, John"]
[Result "1-0"]
[WhiteElo "2237"]
[BlackElo "2147"]
[PlyCount "55"]
[EventDate "2009.??.??"]

1. d4 d5 2. c4 e6 3. Nc3 c6 4. e3 Nf6 5. Nf3 Nbd7 6. Bd3 dxc4 7. Bxc4 b5 8. Bd3
a6 9. e4 c5 10. e5 cxd4 11. Nxb5 axb5 12. exf6 gxf6 13. O-O Qb6 14. Qe2 Bb7 15.
Bf4 Bc6 16. Be4 Bxe4 17. Qxe4 Ra4 18. b3 Nc5 19. Qb1 Ra7 20. Nxd4 Rd7 21. Nf3
Qb7 22. a4 Rd3 23. axb5 Rg8 24. Bg3 Bd6 25. b4 Rxf3 26. gxf3 Qxf3 27. Qd1 Qf4
28. bxc5 1-0

[Event "Championnat de France - Accession"]
[Site "Nimes"]
[Date "2009.08.18"]
[Round "7.29"]
[White "Buscara, Sevan"]
[Black "Jeanne, Mickael"]
[Result "1-0"]
[WhiteElo "2225"]
[BlackElo "2148"]
[PlyCount "61"]
[EventDate "2009.??.??"]

1. d4 Nf6 2. Nf3 g6 3. Bf4 Bg7 4. e3 d6 5. Be2 O-O 6. O-O c5 7. c3 b6 8. h3 Bb7
9. Nbd2 a6 10. a4 cxd4 11. cxd4 Nd5 12. Bh2 a5 13. Nc4 Nb4 14. Na3 N8a6 15. Nb5
Bd5 16. Nd2 Nc7 17. Nc3 Bb7 18. Nc4 Ne6 19. Qb3 Rb8 20. f4 Ba6 21. f5 gxf5 22.
Rxf5 Bxd4 23. exd4 Nxd4 24. Rg5+ Kh8 25. Qd1 Nxe2+ 26. Qxe2 d5 27. Nxd5 Rc8 28.
Qxe7 Qxe7 29. Nxe7 Rce8 30. Nxb6 Rxe7 31. Bd6 1-0

[Event "Championnat de France - Accession"]
[Site "Nimes"]
[Date "2009.08.18"]
[Round "7.30"]
[White "Romieux, Sebastien"]
[Black "Lacroix, Romain"]
[Result "1/2-1/2"]
[WhiteElo "2284"]
[BlackElo "2141"]
[PlyCount "83"]
[EventDate "2009.??.??"]

1. e4 e5 2. Nf3 Nf6 3. Nxe5 d6 4. Nf3 Nxe4 5. d4 d5 6. Bd3 Bd6 7. O-O O-O 8. c4
c6 9. Qe2 Na6 10. a3 Bg4 11. Ne5 Bf5 12. Nc3 Bxe5 13. dxe5 Nac5 14. cxd5 Nxd3
15. Qxd3 Nxc3 16. Qxc3 Qxd5 17. Bg5 Rfe8 18. Rfe1 Qd3 19. Qb4 Qb5 20. Qf4 Be6
21. Qg3 Kh8 22. b4 Qc4 23. Rac1 Qg4 24. Qe3 Bd5 25. f3 Bxf3 26. Qxf3 Qxg5 27.
Qxf7 Re7 28. Qf2 Rxe5 29. h4 Qf6 30. Rxe5 Qxe5 31. Re1 Qd6 32. Qxa7 Rf8 33. Qe3
h6 34. Qe7 Qd4+ 35. Re3 Qf4 36. a4 Rf6 37. Qe8+ Rf8 38. Qe7 Rf6 39. Rf3 Qd4+
40. Kf1 Qd1+ 41. Kf2 Qd2+ 42. Kg1 1/2-1/2

[Event "Championnat de France - Accession"]
[Site "Nimes"]
[Date "2009.08.18"]
[Round "7.31"]
[White "Lebreton, Flavien"]
[Black "Callet, Emmanuel"]
[Result "1-0"]
[WhiteElo "2012"]
[BlackElo "2215"]
[PlyCount "71"]
[EventDate "2009.??.??"]

1. d4 Nf6 2. c4 g6 3. Nc3 Bg7 4. e4 d6 5. Be2 Nbd7 6. Nf3 O-O 7. O-O e5 8. dxe5
dxe5 9. Qc2 c6 10. Rd1 Qc7 11. h3 Re8 12. Be3 Nh5 13. Nd2 Nf4 14. b4 Nf8 15. c5
N8e6 16. Nf3 Nxe2+ 17. Nxe2 h6 18. Rd6 Nf8 19. Rad1 a5 20. b5 Be6 21. Nc3 g5
22. bxc6 bxc6 23. Na4 Ng6 24. Nb6 Bf8 25. Nxa8 Rxa8 26. R6d3 g4 27. hxg4 Bxg4
28. Qd2 Kh7 29. Rd8 Ra7 30. Rb1 Rb7 31. Rxb7 Qxb7 32. Rxf8 Bxf3 33. Bxh6 Bxe4
34. Qg5 Qb1+ 35. Kh2 Bd3 36. Qf6 1-0

[Event "Championnat de France - Accession"]
[Site "Nimes"]
[Date "2009.08.18"]
[Round "7.32"]
[White "Ozenne, Corentin"]
[Black "Dijoux, Frederic"]
[Result "0-1"]
[WhiteElo "1996"]
[BlackElo "2152"]
[PlyCount "100"]
[EventDate "2009.??.??"]

1. d4 e6 2. c4 f5 3. g3 Nf6 4. Bg2 d5 5. Nh3 c6 6. O-O Bd6 7. Qc2 O-O 8. Bf4
Be7 9. Nd2 h6 10. f3 g5 11. Bxb8 Rxb8 12. Rad1 c5 13. cxd5 Nxd5 14. Qd3 Nb4 15.
Qb1 cxd4 16. Nb3 Nc6 17. f4 Qb6 18. Kh1 g4 19. Nf2 h5 20. h3 Kg7 21. Nd3 Rd8
22. Qc1 Bd7 23. Ndc5 Rbc8 24. Qc4 Kf7 25. e3 Na5 26. Nxd7 Nxc4 27. Nxb6 axb6
28. Rxd4 Nxe3 29. Rf2 Nxg2 30. Kxg2 Rxd4 31. Nxd4 Bc5 32. Rc2 Ra8 33. Nb3 Rxa2
34. hxg4 hxg4 35. Kf1 Bd6 36. Nd4 Ra1+ 37. Ke2 Bc5 38. Rd2 Rh1 39. Kd3 Rf1 40.
Kc4 Bxd4 41. Rxd4 Rf3 42. Rd3 b5+ 43. Kd4 Rxd3+ 44. Kxd3 Kf6 45. Kd4 b4 46. b3
b6 47. Kd3 e5 48. fxe5+ Kxe5 49. Ke3 b5 50. Kf2 Kd4 0-1

[Event "Championnat de France - Accession"]
[Site "Nimes"]
[Date "2009.08.18"]
[Round "7.33"]
[White "Rodier, David"]
[Black "Iwanesko, Alexandre"]
[Result "1/2-1/2"]
[WhiteElo "2145"]
[BlackElo "2101"]
[PlyCount "40"]
[EventDate "2009.??.??"]

1. d4 Nf6 2. e3 g6 3. c3 Bg7 4. b3 O-O 5. Bb2 d6 6. Nf3 Nbd7 7. c4 e5 8. Be2
Qe7 9. dxe5 Nxe5 10. Nc3 Ne4 11. Nd5 Qd8 12. Nxe5 Bxe5 13. Bxe5 dxe5 14. Qc2
Nc5 15. b4 Ne6 16. O-O c6 17. Nc3 a5 18. a3 Qe7 19. c5 Nc7 20. Qb2 axb4 1/2-1/2

[Event "Championnat de France - Accession"]
[Site "Nimes"]
[Date "2009.08.18"]
[Round "7.34"]
[White "Salus, Stephane"]
[Black "Wunderman, Xavier"]
[Result "1-0"]
[WhiteElo "2218"]
[BlackElo "2169"]
[PlyCount "153"]
[EventDate "2009.??.??"]

1. d4 d5 2. c4 c6 3. Nf3 Nf6 4. e3 e6 5. Nbd2 Nbd7 6. Bd3 dxc4 7. Nxc4 Be7 8.
O-O b6 9. e4 Bb7 10. Qe2 O-O 11. e5 Nd5 12. h4 c5 13. Qe4 g6 14. Bh6 Re8 15.
Qg4 Nb4 16. Bb1 Bxf3 17. gxf3 cxd4 18. h5 d3 19. f4 b5 20. Ne3 Rc8 21. a4 Nc2
22. Ba2 Qb6 23. Nxc2 dxc2 24. axb5 Qd4 25. hxg6 hxg6 26. Bxe6 Nxe5 27. fxe5
Qxg4+ 28. Bxg4 Rc5 29. Be3 Rxe5 30. Bd7 Rd8 31. Bc6 Bg5 32. Bxa7 Bd2 33. b6 Rc5
34. b7 Rxc6 35. b8=Q Rxb8 36. Bxb8 c1=Q 37. Rfxc1 Bxc1 38. Be5 f6 39. Bxf6 Rxf6
40. Rxc1 Rb6 41. Rb1 Rb3 42. Kf1 Kf7 43. Ke2 Ke6 44. Kd2 Rf3 45. Rf1 Kd5 46. b4
Kc4 47. Ke2 Rf5 48. Rb1 Kb5 49. Ke3 Re5+ 50. Kd4 Re2 51. f3 Re6 52. Rb2 Re1 53.
Kd3 Rd1+ 54. Ke3 Re1+ 55. Kf4 Rg1 56. Ke3 Rg5 57. f4 Rg3+ 58. Ke4 Rg1 59. Rc2
Kxb4 60. Rc8 Re1+ 61. Kd5 Re7 62. Rc6 Rg7 63. Ke5 Kb5 64. Re6 Kc5 65. Kf6 Rg8
66. Kf7 Rh8 67. Kxg6 Kd5 68. f5 Rg8+ 69. Kf7 Rg5 70. Kf6 Rg1 71. Re2 Rd1 72.
Kf7 Kd6 73. f6 Kd7 74. Kf8 Rf1 75. f7 Rf3 76. Rd2+ Kc7 77. Rg2 1-0

[Event "Championnat de France - Accession"]
[Site "Nimes"]
[Date "2009.08.18"]
[Round "7.35"]
[White "Thet, Sylvain"]
[Black "Depoorter, Enguerran"]
[Result "0-1"]
[WhiteElo "2031"]
[BlackElo "2207"]
[PlyCount "86"]
[EventDate "2009.??.??"]

1. d4 d5 2. c4 c6 3. Nc3 e6 4. Nf3 dxc4 5. a4 Bb4 6. e3 b5 7. Bd2 Bxc3 8. bxc3
Nd7 9. Be2 Ngf6 10. Qc2 Bb7 11. O-O Qc7 12. Rfb1 a6 13. Ng5 O-O 14. f4 h6 15.
Nf3 c5 16. Qc1 Be4 17. Rb2 Qc6 18. Qf1 Nd5 19. dxc5 Qxc5 20. Nd4 Nc7 21. Bf3
Nf6 22. Be1 Bd3 23. Be2 Bg6 24. Bf3 Ne4 25. g4 Rab8 26. Qg2 Nd6 27. Bf2 bxa4
28. Rba2 Ndb5 29. e4 Nxc3 30. Nxe6 Qc6 31. Nxf8 Nxa2 32. Nxg6 fxg6 33. Be1 Nb4
34. e5 Qd7 35. Rd1 Nd3 36. Bc6 Qd4+ 37. Kh1 Nf2+ 38. Qxf2 Qxd1 39. Kg2 Qxg4+
40. Kh1 a3 41. Be4 Rb2 42. Qd4 Qe2 43. Qd8+ Kh7 0-1

[Event "Championnat de France - Accession"]
[Site "Nimes"]
[Date "2009.08.18"]
[Round "7.36"]
[White "Lamard, Guillaume"]
[Black "Serralta, Michel"]
[Result "1-0"]
[WhiteElo "2101"]
[BlackElo "2137"]
[PlyCount "81"]
[EventDate "2009.??.??"]

1. d4 Nf6 2. c4 g6 3. Nc3 d5 4. Nf3 Bg7 5. Qb3 dxc4 6. Qxc4 O-O 7. e4 Bg4 8.
Be2 Nc6 9. Be3 Nd7 10. Rd1 Nb6 11. Qc5 Qd6 12. h3 Bxf3 13. gxf3 Qxc5 14. dxc5
Bxc3+ 15. bxc3 Na4 16. Kd2 Na5 17. Kc2 b6 18. Rd7 bxc5 19. Bb5 Nb6 20. Rxc7 a6
21. Be2 Rfc8 22. Rxc8+ Rxc8 23. Bxa6 Rc7 24. Rb1 Nbc4 25. Bxc4 Nxc4 26. Rb8+
Kg7 27. Kb3 Na5+ 28. Ka4 Nc6 29. Rb6 Ne5 30. Kb5 Nd7 31. a4 Kf8 32. Rc6 Rb7+
33. Ka6 Rb8 34. Rc7 Ke8 35. Ka7 Rd8 36. a5 Ne5 37. Bxc5 Rd7 38. Rxd7 Kxd7 39.
Kb7 Nc6 40. a6 Nd8+ 41. Kb6 1-0

[Event "Championnat de France - Accession"]
[Site "Nimes"]
[Date "2009.08.19"]
[Round "8.1"]
[White "Shirazi, Kamran"]
[Black "Benitah, Yohan"]
[Result "1/2-1/2"]
[WhiteElo "2384"]
[BlackElo "2383"]
[PlyCount "47"]

1. e4 c5 2. Nf3 d6 3. d4 cxd4 4. Nxd4 Nf6 5. Nc3 a6 6. Be3 e5 7. Nb3 Be6 8. f3
h5 9. Qd2 Nbd7 10. O-O-O Qc7 11. Kb1 Be7 12. g3 Nb6 13. h3 Rc8 14. Qf2 Nc4 15.
Bxc4 Qxc4 16. Na5 Qc7 17. Bb6 Qd7 18. g4 Rxc3 19. bxc3 Qb5+ 20. Nb3 a5 21. Ka1
Nd7 22. Bxa5 O-O 23. Bb4 Re8 24. Kb2 1/2-1/2

[Event "Championnat de France - Accession"]
[Site "Nimes"]
[Date "2009.08.19"]
[Round "8.2"]
[White "Lagarde, Maxime"]
[Black "Jablonski, Noham"]
[Result "1-0"]
[WhiteElo "2352"]
[BlackElo "2305"]
[PlyCount "85"]

1. e4 c5 2. Nf3 e6 3. d4 cxd4 4. Nxd4 a6 5. Bd3 Qc7 6. O-O Nf6 7. Qe2 d6 8. c4
Be7 9. f4 Nbd7 10. Nc3 O-O 11. Nf3 e5 12. f5 b6 13. Bd2 Bb7 14. b4 Rac8 15.
Rfc1 Qb8 16. Kh1 Rfd8 17. Nd5 Nxd5 18. cxd5 Qa8 19. Be3 a5 20. a3 Rxc1+ 21.
Rxc1 axb4 22. axb4 Rc8 23. Rxc8+ Qxc8 24. Qc2 Qxc2 25. Bxc2 Bd8 26. Bd3 g6 27.
fxg6 hxg6 28. Nd2 f5 29. exf5 Bxd5 30. fxg6 Be6 31. Ne4 d5 32. Ng5 Bxg5 33.
Bxg5 Kg7 34. Be3 d4 35. Bf2 Nf8 36. Bg3 Kf6 37. Be4 Bg8 38. Kg1 Nd7 39. h4 Be6
40. h5 Kg5 41. Bf3 Bf5 42. g7 Be6 43. h6 1-0

[Event "Championnat de France - Accession"]
[Site "Nimes"]
[Date "2009.08.19"]
[Round "8.3"]
[White "Sochacki, Christophe"]
[Black "Saada, Julien"]
[Result "1-0"]
[WhiteElo "2274"]
[BlackElo "2289"]
[PlyCount "143"]

1. e4 c6 2. d4 d5 3. Nc3 dxe4 4. Nxe4 Bf5 5. Ng3 Bg6 6. h4 h6 7. Nf3 Nd7 8. h5
Bh7 9. Bd3 Bxd3 10. Qxd3 Qc7 11. Bd2 Ngf6 12. O-O-O e6 13. Ne4 O-O-O 14. g3
Nxe4 15. Qxe4 Nf6 16. Qe2 Bd6 17. Ne5 c5 18. Nf3 cxd4 19. Nxd4 a6 20. Nb3 Qc6
21. Rh4 Kb8 22. Rc4 Qb5 23. Ba5 b6 24. Nd4 Qg5+ 25. Bd2 Qxh5 26. Qxh5 Nxh5 27.
Nc6+ Kb7 28. Nxd8+ Rxd8 29. Rd4 Bc7 30. Rxd8 Bxd8 31. Bxh6 Kc7 32. Rh1 g6 33.
g4 Nf6 34. f3 Nd7 35. Be3 Kc6 36. Rh8 Bc7 37. Rh7 f5 38. Re7 Ne5 39. Rxe6+ Kd7
40. gxf5 gxf5 41. Rf6 Nc4 42. Rf7+ Kc6 43. Bd2 Be5 44. b3 Nd6 45. Re7 Bg3 46.
Bb4 Nb5 47. Re6+ Kc7 48. Be1 Kd7 49. Bxg3 Kxe6 50. Bf2 Nc3 51. Bxb6 Nxa2+ 52.
Kd2 Nb4 53. c4 Ke5 54. Bc7+ Ke6 55. Kc3 Nc6 56. b4 Kd7 57. Bh2 Ne7 58. Kd4 Kc6
59. Ke5 Nc8 60. Bg1 Nd6 61. c5 Nc8 62. Kxf5 Ne7+ 63. Ke5 Nd5 64. f4 Nxb4 65. f5
Nd5 66. f6 Nxf6 67. Kxf6 Kd5 68. Ke7 a5 69. Kd7 a4 70. c6 a3 71. c7 a2 72. Bd4
1-0

[Event "Championnat de France - Accession"]
[Site "Nimes"]
[Date "2009.08.19"]
[Round "8.4"]
[White "Bailet, Pierre"]
[Black "Ider, Borya"]
[Result "1-0"]
[WhiteElo "2352"]
[BlackElo "2234"]
[PlyCount "99"]

1. d4 e6 2. e4 d5 3. Nd2 c5 4. exd5 Qxd5 5. Ngf3 cxd4 6. Bc4 Qd6 7. O-O Nf6 8.
Nb3 Nc6 9. Nbxd4 Nxd4 10. Qxd4 Qxd4 11. Nxd4 Bd7 12. Be2 Bc5 13. Nb3 Bb6 14. a4
Bc6 15. a5 Bc7 16. Nd4 Be4 17. a6 O-O 18. Nb5 Bb8 19. f3 Bd5 20. c4 Bc6 21. Nd4
Be5 22. Nxc6 bxc6 23. Be3 Rfb8 24. Rfb1 Rb3 25. Kf2 Bxh2 26. Ra3 Rxa3 27. bxa3
Rb8 28. Rb4 Rxb4 29. axb4 Bb8 30. f4 Ne4+ 31. Ke1 Nd6 32. Bd3 f5 33. Kd2 Kf7
34. Kc3 Nc8 35. g3 g5 36. Kd4 gxf4 37. Bxf4 Bxf4 38. gxf4 Ke8 39. Ke5 Ke7 40.
c5 h5 41. Bc4 h4 42. Bxe6 h3 43. Bxf5 h2 44. Be4 Kd7 45. f5 Ne7 46. f6 Ng6+ 47.
Kf5 Nf8 48. f7 Ne6 49. Kf6 Nd8 50. Kg7 1-0

[Event "Championnat de France - Accession"]
[Site "Nimes"]
[Date "2009.08.19"]
[Round "8.5"]
[White "Guilleux, Fabien"]
[Black "Dubreuil, Julien"]
[Result "0-1"]
[WhiteElo "2381"]
[BlackElo "2250"]
[PlyCount "36"]

1. d4 d5 2. Nf3 e6 3. c4 dxc4 4. e3 c5 5. Bxc4 a6 6. O-O Nf6 7. Bb3 b5 8. a4 b4
9. e4 Bb7 10. Nbd2 Be7 11. e5 Nfd7 12. Nc4 O-O 13. Nd6 Bxd6 14. exd6 cxd4 15.
Bg5 Bxf3 16. Qxf3 Qxg5 17. Qxa8 Nc5 18. Bc4 Qe5 0-1

[Event "Championnat de France - Accession"]
[Site "Nimes"]
[Date "2009.08.19"]
[Round "8.6"]
[White "Rabineau, Clement"]
[Black "Boudre, Jean-Pierre"]
[Result "1/2-1/2"]
[WhiteElo "2263"]
[BlackElo "2337"]
[PlyCount "51"]

1. e4 e5 2. Nf3 Nc6 3. Bb5 Nf6 4. O-O Nxe4 5. d4 a6 6. Ba4 b5 7. Bb3 d5 8. dxe5
Be6 9. Nbd2 Nc5 10. c3 Be7 11. Bc2 O-O 12. Nb3 Bg4 13. Nxc5 Bxc5 14. Qd3 g6 15.
Bg5 Be7 16. Bxe7 Nxe7 17. Qe3 Nc6 18. Nd4 Na5 19. Qg3 Bh5 20. f4 c5 21. Nf5 Kh8
22. Nh6 f5 23. Rfe1 Nc4 24. e6 Qf6 25. Nf7+ Kg7 26. Bd1 1/2-1/2

[Event "Championnat de France - Accession"]
[Site "Nimes"]
[Date "2009.08.19"]
[Round "8.7"]
[White "Valles, Manuel"]
[Black "Crut, Aurelien"]
[Result "1/2-1/2"]
[WhiteElo "2142"]
[BlackElo "2335"]
[Annotator "Rivier,Sylvain"]
[PlyCount "75"]

1. d4 d5 2. c4 e6 3. Nc3 c6 4. e4 Bb4 5. cxd5 exd5 6. e5 Ne7 7. Nf3 c5 8. a3
Bxc3+ 9. bxc3 Nbc6 10. Be2 Bg4 11. O-O O-O 12. Rb1 Qd7 13. h3 Bf5 14. Bd3 cxd4
15. cxd4 b6 16. Re1 Rac8 17. g4 Bxd3 18. Qxd3 Qe6 19. Bg5 h6 20. Bh4 Qg6 21.
Qe3 Nf5 22. Qf4 Ncxd4 23. Nxd4 Nxh4 24. Qg3 Rc4 25. Rbd1 Qg5 26. f4 Qe7 27. Kh1
Ng6 28. f5 Qh4 29. Qxh4 Nxh4 30. e6 Re8 31. Nb5 fxe6 32. fxe6 Rc2 33. Rd3 Ng2
34. Rf1 Nh4 35. Rxd5 Rxe6 36. Nd4 Rf6 37. Rxf6 Rc1+ 38. Kh2 {suite illisible}
1/2-1/2

[Event "Championnat de France - Accession"]
[Site "Nimes"]
[Date "2009.08.19"]
[Round "8.8"]
[White "Le Goff, Damien"]
[Black "Debray, Christopher"]
[Result "0-1"]
[WhiteElo "2270"]
[BlackElo "2328"]
[Annotator "Rivier,Sylvain"]
[PlyCount "46"]

1. e4 c5 2. Nf3 d6 3. d4 cxd4 4. Nxd4 Nf6 5. Nc3 a6 6. Be2 e5 7. Nb3 Be7 8. Be3
Be6 9. Nd5 Nbd7 10. Qd3 O-O 11. O-O Rc8 12. Rfc1 b5 13. a4 Nc5 14. Nxc5 Bxd5
15. exd5 dxc5 16. axb5 c4 17. Qf5 axb5 18. Rd1 Bc5 19. Bf3 Bxe3 20. fxe3 Qb6
21. c3 g6 22. Qc2 e4 23. Be2 Rfe8 {suite illisible} 0-1

[Event "Championnat de France - Accession"]
[Site "Nimes"]
[Date "2009.08.19"]
[Round "8.9"]
[White "Song, Julien"]
[Black "Villegas, Pierre"]
[Result "0-1"]
[WhiteElo "2319"]
[BlackElo "2202"]
[PlyCount "71"]

1. d4 Nf6 2. c4 g6 3. Nc3 Bg7 4. Nf3 O-O 5. Bg5 c5 6. d5 h6 7. Bh4 d6 8. e3 g5
9. Bg3 Nh5 10. Bd3 f5 11. Nd2 Nxg3 12. fxg3 Nd7 13. O-O Ne5 14. Be2 e6 15. Qc2
exd5 16. cxd5 Qe7 17. Kh1 Bd7 18. a4 Rf6 19. a5 Raf8 20. Qb3 Be8 21. Rae1 Bg6
22. Nc4 R6f7 23. Nxe5 Bxe5 24. Bd3 Kg7 25. Nb5 f4 26. Bxg6 Kxg6 27. exf4 gxf4
28. gxf4 Rxf4 29. Rxf4 Rxf4 30. Qc2+ Kg7 31. Nc3 Qf7 32. Qd3 Qh5 33. h3 Qh4 34.
Re3 Qf2 35. Rg3+ Kf8 36. Qg6 0-1

[Event "Championnat de France - Accession"]
[Site "Nimes"]
[Date "2009.08.19"]
[Round "8.10"]
[White "Ollier, Pablo"]
[Black "Ravot, Sylvain"]
[Result "1-0"]
[WhiteElo "2226"]
[BlackElo "2276"]
[PlyCount "119"]

1. d4 d5 2. c4 e6 3. Nc3 c5 4. cxd5 cxd4 5. Qxd4 Nc6 6. Qd1 exd5 7. Qxd5 Bd7 8.
e3 Nf6 9. Qd1 Bc5 10. Nf3 Qe7 11. Be2 g5 12. O-O g4 13. Nd4 O-O-O 14. a3 Qe5
15. Ncb5 a6 16. b4 Bb6 17. Bb2 axb5 18. Nxc6 Qxb2 19. Nxd8 Kxd8 20. Bxb5 Qe5
21. Bxd7 Nxd7 22. Qxg4 Nf6 23. Qf4 Qxf4 24. exf4 Ne4 25. g3 h5 26. Kg2 h4 27.
Rad1+ Kc8 28. Kf3 f5 29. g4 Nxf2 30. Rc1+ Kd7 31. gxf5 Ra8 32. Rc3 Bd4 33. Rb3
Rc8 34. Rxf2 Bxf2 35. Kxf2 Rc2+ 36. Kf3 Rxh2 37. Kg4 Ke7 38. Rh3 Rg2+ 39. Kxh4
Kf6 40. Rf3 Ra2 41. Kg4 Ra1 42. Rc3 Rg1+ 43. Kf3 Rf1+ 44. Ke4 Re1+ 45. Re3 Rc1
46. Kd4 Kxf5 47. Rc3 Rh1 48. Kc5 Rh6 49. Kb5 Kxf4 50. Rc7 Rh3 51. a4 Ke5 52.
Rxb7 Kd6 53. a5 Rh5+ 54. Kb6 Kd5 55. a6 Kc4 56. a7 Rh6+ 57. Ka5 Rh5+ 58. b5 Rh1
59. Rb8 Kc5 60. Rc8+ 1-0

[Event "Championnat de France - Accession"]
[Site "Nimes"]
[Date "2009.08.19"]
[Round "8.11"]
[White "Saucey, Michel"]
[Black "Platel, Alexandre"]
[Result "0-1"]
[WhiteElo "2366"]
[BlackElo "2206"]
[PlyCount "82"]

1. d4 Nf6 2. c4 g6 3. Nc3 d5 4. Bf4 Bg7 5. e3 O-O 6. Rc1 c6 7. Nf3 Qa5 8. Be2
Nbd7 9. Qb3 dxc4 10. Bxc4 Nb6 11. O-O Nxc4 12. Qxc4 Be6 13. Qe2 Nd5 14. Nxd5
Qxd5 15. b3 Bg4 16. Rc5 Bxf3 17. Qxf3 Qxf3 18. gxf3 e6 19. b4 a6 20. a4 Rfe8
21. b5 cxb5 22. axb5 a5 23. Rc7 a4 24. Ra1 e5 25. Bxe5 Rxe5 26. dxe5 Bxe5 27.
Rxa4 Rxa4 28. Rxb7 Rb4 29. f4 Bc3 30. Rc7 Rb3 31. Rc5 Ba5 32. f5 Kg7 33. fxg6
hxg6 34. Rd5 Kf6 35. h4 Ke6 36. Rc5 Rc3 37. Rxc3 Bxc3 38. Kg2 Ba5 39. Kg3 Kf5
40. f4 Ke4 41. Kg4 Bd8 0-1